=LDR 00000nam 2200000 4500 =001 INLIS000000000006221 =005 20251105024638 =035 ##$$a 0010-1125000095 =007 ta =008 251105###########################0#ind## =082 ##$$a 363.96 =084 ##$$a 363.96 BAD p =100 #$$a Badan Koordinasi Keluarga Berencana Nasional =245 1#$$a Prioritas Penelitian Gerakan Keluarga Berencana Nasional 1991-1996 /$c Badan Koordinasi Keluarga Berencana Nasional =260 ##$:$b Badan Koordinasi Keluarga Berencana Nasional,$c 1991 =300 ##$$a 9 Hal : $b Ilus ; $c 21 =650 #4$$a Keluarga Berencana =856 ##$$a Perpustakaan Kemendukbangga